Capitalismo y subdesarrollo en América Latina / (Record no. 9088)
[ view plain ]
| 000 -LEADER | |
|---|---|
| fixed length control field | 00993nam a2200229 4500 |
| 003 - CONTROL NUMBER IDENTIFIER | |
| control field | AR-FvUNAJ |
| 005 - DATE AND TIME OF LATEST TRANSACTION | |
| control field | 20241125124209.0 |
| 008 - FIXED-LENGTH DATA ELEMENTS--GENERAL INFORMATION | |
| fixed length control field | 200824er ||||| |||| 00| 0 spa d |
| 040 ## - CATALOGING SOURCE | |
| Transcribing agency | AR-FvUNAJ |
| 082 14 - DEWEY DECIMAL CLASSIFICATION NUMBER | |
| Edition number | 14 |
| Classification number | 306.3 |
| 100 1# - MAIN ENTRY--PERSONAL NAME | |
| 9 (RLIN) | 17841 |
| Personal name | Frank, Andre Gunder |
| 245 10 - TITLE STATEMENT | |
| Title | Capitalismo y subdesarrollo en América Latina / |
| Statement of responsibility, etc | Andre Gunder Frank |
| 260 ## - PUBLICATION, DISTRIBUTION, ETC. (IMPRINT) | |
| Place of publication, distribution, etc | Buenos Aires : |
| Name of publisher, distributor, etc | Siglo XXI, |
| Date of publication, distribution, etc | 1970 |
| 300 ## - PHYSICAL DESCRIPTION | |
| Extent | 320 p. |
| 505 ## - FORMATTED CONTENTS NOTE | |
| Title | El desarrollo del subdesarrollo capitalista en Chile.<br/>El 'problema indígena' en América Latina .<br/>El desarrollo del subdesarrollo capitalista en Brasil.<br/>El capitalismo y el mito del feudalismo en la agricultura brasileña.<br/>La inversión extranjera en el subdesarrollo latinoamericano . |
| 650 27 - SUBJECT ADDED ENTRY--TOPICAL TERM | |
| Source of heading or term | unescot |
| 9 (RLIN) | 1282 |
| Topical term or geographic name as entry element | DESARROLLO ECONOMICO Y SOCIAL |
| 650 27 - SUBJECT ADDED ENTRY--TOPICAL TERM | |
| Source of heading or term | unescot |
| 9 (RLIN) | 816 |
| Topical term or geographic name as entry element | CAPITALISMO |
| 650 27 - SUBJECT ADDED ENTRY--TOPICAL TERM | |
| Source of heading or term | unescot |
| 9 (RLIN) | 7682 |
| Topical term or geographic name as entry element | SUBDESARROLLO |
| 651 #0 - SUBJECT ADDED ENTRY--GEOGRAPHIC NAME | |
| Geographic name | AMERICA LATINA |
| 9 (RLIN) | 735 |
| 942 ## - ADDED ENTRY ELEMENTS (KOHA) | |
| Source of classification or shelving scheme | Dewey Decimal Classification |
| Koha item type | Libro, folleto, traducción |
| 980 ## - EQUIVALENCE OR CROSS-REFERENCE-SERIES STATEMENT--PERSONAL NAME/TITLE [LOCAL, CANADA] | |
| Miscellaneous information | Virginia Figueroa |
| Linkage | 19226 |
| Personal name | Palazón Marcela I. |
| Field link and sequence number | 2 |
| Withdrawn status | Lost status | Source of classification or shelving scheme | Damaged status | Not for loan | Home library | Current library | Date acquired | Source of acquisition | Full call number | Barcode | Date last seen | Price effective from | Koha item type |
|---|---|---|---|---|---|---|---|---|---|---|---|---|---|
| Dewey Decimal Classification | Biblioteca Central | Biblioteca Central | 12/09/2023 | Donación | 306.3 FRA | UNAJ23090073 | 17/03/2025 | 12/09/2023 | Libro, folleto, traducción |